000 00673nam a2200241Ia 4500
008 160803s9999 xx 000 0 und d
020 _a 9780439689007
100 _aFlood, Walt
245 4 _aThe tricky rabbit :
245 _bAfrican-American trickster tales /
245 _cretold by Walt Flood ; illustrations, Nathan Jurevicius.
260 _aNew York :
260 _bScholastic Inc.
260 _c2004
300 _a30 pages :
300 _billustrations ;
300 _c20 cm.
650 _aRabbits -- Folklore --
650 _aTricksters -- Folklore --
650 _xJuvenile literature.
650 _xJuvenile literature.
700 _a540
999 _c298552
_d298552